000 00728nam a2200241Ia 4500
003 OSt
005 20220923222958.0
006 a|||||r|||| 00| 0
007 ta
008 220922b |||||||| |||| 00| 0 hin d
024 _a209,478
037 _cTextual
040 _aARTS
_cARTS
_bhin
041 _2hin
_ahin
082 _aO152,3NAVx, N4
100 _aआवटे, गोपाल नारायण
245 0 _aढई आखर
246 _aḌhaī ākhara
260 _aदिल्ली
_b भारत पुसतक भंडार
_c1994
300 _a112पृ.
_ccm.
942 _hO152,3NAVx, N4
_cTEXL
_2CC
999 _c360051
_d360051